Miasta na prawach powiatu najmniejsze. - Statystyki

Ogólne statystyki
  • Ten quiz został rozwiązany 38 razy
  • Średni wynik to 13 z 16
Statystyki odpowiedzi
Ludność Województwo Miasto/Powiat % Poprawnych
46 139 Podkarpackie Krosno
93%
35 562 Pomorskie Sopot
90%
40 864 Zachodniopomorskie Świnoujście
90%
63 223 Lubelskie Zamość
90%
60 442 Podkarpackie Przemyśl
86%
46 588 Podkarpackie Tarnobrzeg
86%
57 194 Lubelskie Biała Podlaska
83%
61 588 Lubelskie Chełm
83%
62 795 Podlaskie Łomża
83%
63 323 Wielkopolskie Leszno
79%
47 932 Łódzkie Skierniewice
79%
51 893 Mazowieckie Ostrołęka
76%
54 860 Śląskie Piekary Śląskie
72%
49 363 Śląskie Świętochłowice
72%
62 670 Śląskie Żory
69%
66 587 Śląskie Siemianowice Śląskie
66%
Nie znaleziono quizów pasujących do podanych kryteriów
Rozkład punktacji
Procent ludzi z każdym wynikiem
Percentyl według liczby udzielonych odpowiedzi
Twoja historia wyników
Nie rozwiązałeś tego quizu